000 00680nam a2200289Ia 4500
005 20260324112009.0
008 008 260324s9999 xx 000 0 eng d
020 _a9781003618706
037 _aEBOOK
040 _aCRL
040 _beng
040 _cCRL
041 _2eng
041 _aeng
084 _qCRL
100 _aPL Soni; Vandna Soni
_91140876
245 0 _aInorganic Chemistry
245 0 _bConcepts and Main Group of Elements
260 _bTaylor and Francis
260 _c2025
365 _a
365 _b400
856 _uhttp://www.taylorfrancis.com/books/9781003618706
942 _cEBOOK
999 _c1729895
_d1729895